Discographie des Beatles (1963-1970) - Statistiques

Statistiques générales
  • Ce quiz a été pris 542 fois
  • Le résultat moyen est 55 sur 193
Statistiques - réponses
Réponse % Correct
Help!
87%
Let It Be
85%
Yellow Submarine
83%
A Hard Day's Night
75%
Yesterday
74%
Please Please Me
69%
Eleanor Rigby
66%
Here Comes The Sun
66%
Something
66%
Lucy In The Sky With Diamonds
64%
Come Together
63%
Twist And Shout
61%
A Day In The Life
60%
Love Me Do
59%
Sgt. Pepper's Lonely Hearts Club Band
59%
Strawberry Fields Forever
59%
Penny Lane
57%
Drive My Car
55%
While My Guitar Gently Weeps
54%
Back In The U.S.S.R.
53%
Get Back
53%
Michelle
53%
Sgt. Pepper's Lonely Hearts Club Band (Reprise)
53%
Blackbird
52%
All You Need Is Love
50%
Octopus's Garden
50%
Magical Mystery Tour
49%
Norwegian Wood (This Bird Has Flown)
49%
Revolution 9
48%
Taxman
48%
Girl
47%
With A Little Help From My Friends
47%
Here, There And Everywhere
46%
In My Life
46%
Anna (Go To Him)
45%
Hello, Goodbye
45%
And I Love Her
44%
Carry That Weight
44%
Golden Slumbers
44%
I Saw Her Standing There
43%
The End
43%
The Fool On The Hill
43%
I Am The Walrus
42%
Julia
42%
Across The Universe
41%
Ob-La-Di, Ob-La-Da
41%
Her Majesty
40%
The Long And Winding Road
40%
When I'm Sixty-Four
40%
Ticket To Ride
39%
All My Loving
38%
I Want You (She's So Heavy)
38%
Maxwell's Silver Hammer
38%
I'm Only Sleeping
37%
Helter Skelter
36%
Because
35%
Dear Prudence
35%
Eight Days A Week
35%
Glass Onion
35%
Money (That's What I Want)
35%
Revolution 1
35%
Tomorrow Never Knows
35%
For No One
33%
I Me Mine
32%
Oh! Darling
32%
Blue Jay Way
30%
Doctor Robert
30%
Fixing A Hole
30%
Sun King
30%
Dig A Pony
29%
Hey Bulldog
29%
Martha My Dear
29%
Nowhere Man
29%
She's Leaving Home
29%
Do You Want To Know A Secret
28%
Good Day Sunshine
28%
Good Night
28%
Happiness Is A Warm Gun
28%
Lovely Rita
28%
Birthday
27%
I Will
27%
Within You Without You
27%
Piggies
26%
Polythene Pam
26%
Rocky Raccoon
26%
Roll Over Beethoven
26%
She Came In Through The Bathroom Window
26%
Two Of Us
26%
Your Mother Should Know
26%
Boys
25%
Cant Buy Me Love
25%
Dig It
25%
Getting Better
25%
Run For Your Life
25%
She Said She Said
25%
You Never Give Me Your Money
25%
Got To Get You Into My Life
24%
Honey Pie
24%
If I Fell
24%
I'm So Tired
24%
Mean Mr. Mustard
24%
P.S. I Love You
24%
Sexy Sadie
24%
The Word
24%
And Your Bird Can Sing
23%
Love You To
23%
Being For The Benefit Of Mr. Kite!
22%
Chains
22%
Flying
22%
Misery
22%
A Taste Of Honey
21%
Good Morning Good Morning
21%
Baby, You're A Rich Man
20%
Dizzy Miss Lizzy
20%
One After 909
19%
Wild Honey Pie
19%
Yer Blues
19%
Don't Bother Me
18%
I'm A Loser
18%
I've Got A Feeling
18%
The Continuing Story Of Bungalow Bill
18%
Till There Was You
18%
You've Got To Hide Your Love Away
18%
I've Just Seen A Face
17%
I'm Looking Through You
16%
Maggie Mae
16%
Savoy Truffle
16%
Why Don't We Do It In The Road?
16%
For You Blue
15%
I'll Follow The Sun
15%
I'm Happy Just To Dance With You
15%
Kansas City / Hey-Hey-Hey-Hey
15%
Mother Nature's Son
15%
Please Mister Postman
15%
Act Naturally
14%
Baby's In Black
14%
Cry Baby Cry
14%
I Need You
14%
I Want To Tell You
14%
Wait
14%
Baby It's You
13%
Everybody's Got Something to Hide Except Me And My Monkey
13%
I'll Be Back
13%
I Should Have Known Better
13%
It Won't Be Long
13%
Long, Long, Long
13%
No Reply
13%
The Night Before
13%
All Together Now
12%
Ask Me Why
12%
Little Child
12%
Only A Northern Song
12%
There's A Place
12%
What Goes On
12%
You're Going To Lose That Girl
12%
You Won't See Me
12%
Another Girl
11%
Hold Me Tight
11%
Honey Don't
11%
If I Needed Someone
11%
I Wanna Be Your Man
11%
Mr Moonlight
11%
Rock And Roll Music
11%
Tell Me Why
11%
Think For Yourself
11%
Don't Pass Me By
10%
Words Of Love
10%
It's All Too Much
9%
Pepperland
9%
You Can't Do That
9%
All I've Got To Do
8%
Any Time At All
8%
Devil In Her Heart
8%
Not A Second Time
8%
Things We Said Today
8%
Everybody's Trying To Be My Baby
7%
Sea Of Monsters
7%
When I Get Home
7%
I Don't Want To Spoil The Party
6%
I'll Cry Instead
6%
It's Only Love
6%
You Like Me Too Much
6%
You Really Got A Hold On Me
6%
Sea Of Time
5%
Yellow Submarine In Pepperland
5%
March Of The Meanies
4%
Sea Of Holes
4%
Every Little Thing
3%
Tell Me What You See
3%
What You're Doing
3%
Pepperland Laid Waste
2%
Aucun quiz correspondant
Distribution des résultats
% des personnes avec chaque résultat
Percentile par nombre de réponses
Votre historique - résultats
Vous n’avez pas pris ce quiz